| 000 | 00378nam a2200133Ia 4500 | ||
|---|---|---|---|
| 005 | 20251222144846.0 | ||
| 008 | 251222s9999||||xx |||||||||||||| ||spa|| | ||
| 020 | _a978-958-44-1356-7 | ||
| 082 | _a305.906/C13 | ||
| 100 | _aCabezas Prado, Félix Domingo | ||
| 245 | 0 | _aSoltería y Sexualidad en un Pueblo Afrocolombiano de la Costa Pacífica: | |
| 264 | _bFeriva | ||
| 942 | _cLIB | ||
| 999 |
_c21411 _d21411 |
||